|
|
|
|
| LEADER |
00000nam a22000007a 4500 |
| 005 |
20171204194526.0 |
| 007 |
cr|||| |||| |
| 008 |
171204s2014 mx |||||s|||| 00||0 spa d |
| 020 |
|
|
|a 978-607-401-850-9
|
| 035 |
|
|
|a 20729
|
| 040 |
|
|
|a vLex
|
| 090 |
|
|
|c 7259
|d 7259
|
| 245 |
0 |
0 |
|a Oriente
|h [Recurso electrn̤ico] :
|b Antologa̕
|
| 256 |
|
|
|a Servicio en ln̕ea
|
| 260 |
|
|
|a Ciudad de Mx̌ico:
|b Cm̀ara de diputados,
|c 2014
|
| 300 |
|
|
|a 1 recurso electrn̤ico (255p.)
|
| 506 |
1 |
|
|a Disponible solo en los productos indicados
|d vLex Global
|d vLex Global (Academic Edition, excluding Law Schools)
|d vLex Global (U.S. Academic Edition, Law Schools)
|d vLex Global (U.S. Academic Edition, excluding Law Schools)
|d vLex Global (Academic Edition, Law Schools)
|
| 650 |
0 |
4 |
|a Ciencias sociales
|z Mx̌ico
|
| 740 |
0 |
|
|a vLex Libros (Servicio en ln̕ea)
|
| 856 |
4 |
0 |
|u http://vlex.com/source/oriente-antologia-20729
|z Acceso restringido
|
| 942 |
|
|
|c BOOK
|
| 999 |
0 |
|
|a Social science
|